Подробности
| 000 -МАРКЕР |
| контрольное поле |
02424nam2a2200325 4500 |
| 001 - ИДЕНТИФИКАТОР ЗАПИСИ |
| контрольное поле |
RU\NLR\bibl\2015440 |
| 005 - ИДЕНТИФИКАТОР ВЕРСИИ |
| контрольное поле |
20260405195640.0 |
| 010 ## - МЕЖДУНАРОДНЫЙ СТАНДАРТНЫЙ НОМЕР КНИГИ (ISBN) |
| Номер (ISBN) |
978-5-98589-050-1 |
| Уточнения |
т. 11 |
| Тираж |
500 |
| 021 ## - НОМЕР ГОСУДАРСТВЕННОЙ РЕГИСТРАЦИИ |
| Код страны |
российская федерация |
| Номер |
2013-16452 |
| Номер Листа государственной регистраци |
1167 |
| 035 ## - ДРУГИЕ СИСТЕМНЫЕ НОМЕРА |
| Идентификатор записи |
(NLR Aleph) 002003847 |
| 100 ## - ДАННЫЕ ОБЩЕЙ ОБРАБОТКИ |
| Данные общей обработки |
20130325d2012 |||y0rusy50 ca |
| 101 0# - ЯЗЫК РЕСУРСА |
| Язык текста, звукозаписи и т.д. |
русский |
| 102 ## - СТРАНА ПУБЛИКАЦИИ ИЛИ ПРОИЗВОДСТВА |
| Страна публикации |
российская федерация |
| 105 ## - ПОЛЕ КОДИРОВАННЫХ ДАННЫХ: ТЕКСТОВЫЕ МАТЕРИАЛЫ, МОНОГРАФИЧЕСКИЕ |
| Кодированные данные о монографическом текстовом документе |
ac ||||||||| |
| 200 1# - ЗАГЛАВИЕ И СВЕДЕНИЯ ОБ ОТВЕТСТВЕННОСТИ |
| Основное заглавие |
Имплантаты с памятью формы в хирургии |
| Первые сведения об ответственности |
[Георгий Цыренович Дамбаев, д.м.н., проф., чл.-корр. Рос. акад. мед. наук, акад. Междунар. акад. (A-SME) имплантатов с памятью формы, Виктор Эдуардович Гюнтер, Рашид Валиевич Зиганьшин и др.] |
| Последующие сведения об ответственности |
НИИ мед. материалов и имплантатов с памятью формы Сиб. физ.-техн. ин-та при Том. гос. ун-те, Сиб. гос. мед. ун-т |
| 210 ## - ПУБЛИКАЦИЯ, РАСПРОСТРАНЕНИЕ И ДР. |
| Место издания, распространения и т.д. |
Томск |
| Имя издателя, распространителя и т. д. |
Изд-во МИЦ |
| Дата издания, распространения и т.д. |
2012 |
| 215 ## - ФИЗИЧЕСКАЯ ХАРАКТЕРИСТИКА |
| Специфическое обозначение материала и объем |
397 с., [1] л. цв. портр. |
| Другие сведения о физической характеристике |
ил., цв. ил. |
| Размеры |
26 |
| 320 ## - ПРИМЕЧАНИЯ О НАЛИЧИИ В ДОКУМЕНТЕ БИБЛИОГРАФИИ / УКАЗАТЕЛЯ |
| Текст примечания |
Библиогр.: с. 375-386 (242 назв.), с. 387-389 (11 назв.), 390-397 (140 назв.) |
| 461 #0 - УРОВЕНЬ НАБОРА |
| Встроенное поле |
001RU\NLR\bibl\1525296 |
| -- |
2001#$aМедицинские материалы и имплантаты с памятью формы$vТ. 11 |
| Системный номер (АБИС) связанной записи |
114221 |
| Место публикации |
Томск |
| Дата публикации |
2009 |
| Первые сведения об ответственности |
[Сергей Иванович Шкуратов, Виктор Эдуардович Гюнтер, Георгий Цыренович Дамбаев и др.] |
| Имя издателя, распространителя и т.д. |
НИИ медицинских материалов и имплантатов с памятью формы СФТИ при ТГУ |
| Сведения, относящиеся к заглавию |
(в 14 т.) |
| Заглавие |
Медицинские материалы и имплантаты с памятью формы |
| ISBN |
978-5-98589-036-5 |
| Номер тома |
Т. 11 |
| 606 1# - НАИМЕНОВАНИЕ ТЕМЫ КАК ПРЕДМЕТ |
| Наименование темы |
Имплантаты титановые с памятью формы |
| Тематический подзаголовок |
Применение в хирургии |
| Системный номер авторитетной/нормативной записи |
2156403 |
| Идентификатор авторитетной/нормативной записи |
RU\NLR\auth\661602834 |
| 686 ## - ИНДЕКСЫ ДРУГИХ КЛАССИФИКАЦИЙ |
| Индекс |
Р45с3 |
| 701 #1 - ИМЯ ЛИЦА - АЛЬТЕРНАТИВНАЯ ОТВЕТСТВЕННОСТЬ |
| Код отношения |
Автор |
| Материалы, к которым относится поле |
rus |
| Графика поля |
Кириллица |
| Начальный элемент ввода |
Дамбаев |
| Часть имени, кроме начального элемента ввода |
Г. Ц. |
| Даты |
1942- |
| Расширение инициалов личного имени |
Георгий Цыренович |
| Идентификатор авторитетной/нормативной записи |
RU\NLR\auth\7787311 |
| Системный номер авторитетной/нормативной записи |
70239 |
| 701 #1 - ИМЯ ЛИЦА - АЛЬТЕРНАТИВНАЯ ОТВЕТСТВЕННОСТЬ |
| Начальный элемент ввода |
Гинтер |
| Часть имени, кроме начального элемента ввода |
В. Э. |
| Расширение инициалов личного имени |
Виктор Эдуардович |
| Код отношения |
Автор |
| 701 #1 - ИМЯ ЛИЦА - АЛЬТЕРНАТИВНАЯ ОТВЕТСТВЕННОСТЬ |
| Начальный элемент ввода |
Зиганьшин |
| Часть имени, кроме начального элемента ввода |
Р. В. |
| Расширение инициалов личного имени |
Рашид Валиевич |
| Код отношения |
Автор |
| 801 #0 - ИСТОЧНИК ЗАПИСИ |
| Страна |
российская федерация |
| Организация |
NLR |
| Дата составления |
20130325 |
| Правила каталогизации |
RCR |
| 801 #1 - ИСТОЧНИК ЗАПИСИ |
| Страна |
российская федерация |
| Организация |
NLR |
| Дата составления |
20130325 |
| 942 ## - ДОПОЛНИТЕЛЬНЫЕ ЭЛЕМЕНТЫ ЗАПИСИ (АБИС) |
| Тип экземпляра АБИС |
Книга |
| 980 ## - КОЛЛЕКЦИЯ |
| Название коллекции |
Национальная библиография |